| 000 -LEADER |
| fixed length control field |
01241nam a2200205Ia 4500 |
| 003 - CONTROL NUMBER IDENTIFIER |
| control field |
OSt |
| 005 - DATE AND TIME OF LATEST TRANSACTION |
| control field |
20241030082222.0 |
| 007 - PHYSICAL DESCRIPTION FIXED FIELD--GENERAL INFORMATION |
| fixed length control field |
ca aa aaaaa |
| 008 - FIXED-LENGTH DATA ELEMENTS--GENERAL INFORMATION |
| fixed length control field |
201103s9999 xx 000 0 und d |
| 040 ## - CATALOGING SOURCE |
| Transcribing agency |
SSBUL |
| 041 ## - LANGUAGE CODE |
| Language code of text/sound track or separate title |
bur |
| 082 ## - DEWEY DECIMAL CLASSIFICATION NUMBER |
| Edition number |
23 |
| Classification number |
၂၉၄.၃၀၉၂ မ |
| Item number |
၉၂၉၉ S-SAT |
| 100 0# - MAIN ENTRY--PERSONAL NAME |
| Personal name |
မမစိန်၊ ဒေါ် |
| 9 (RLIN) |
54892 |
| 245 10 - TITLE STATEMENT |
| Title |
ဓါတ်ပေါင်းစုံ ဆရာတော်ဘဒ္ဒန္တသီလဝန္တ၏ ထေရုပ္ပတ္တိအကျဉ်းနှင့်မြန်မာနှင့်ကမ္ဘာတွင် ဗုဒ္ဓသာသနာထွန်းကားပြန့်ပွားရေး ဆောင်ရွက်ခြင်းလုပ်ငန်းများ / |
| Statement of responsibility, etc. |
စီစဉ်တင်ပြသူ ဒေါ်မမစိန်။ |
| 260 ## - PUBLICATION, DISTRIBUTION, ETC. |
| Place of publication, distribution, etc. |
ရန်ကုန် ၊ |
| Name of publisher, distributor, etc. |
စမ်းသီတာစာပေ၊ |
| Date of publication, distribution, etc. |
၁၉၉၄။ |
| 300 ## - PHYSICAL DESCRIPTION |
| Extent |
၄၀ စာမျက်နှာ ၊ |
| Other physical details |
ပုံများ၊ |
| Dimensions |
၂၄ စင်တီ။ |
| 500 ## - GENERAL NOTE |
| General note |
S-SAT: Prof. Dr. Sai Aung Tun |
| 650 ## - SUBJECT ADDED ENTRY--TOPICAL TERM |
| Topical term or geographic name entry element |
ဆရာတော် ဘဒ္ဒန္တ သီလဝန္တ |
| General subdivision |
ထေရုပ္ပတ္တိ |
| 9 (RLIN) |
54893 |
| 942 ## - ADDED ENTRY ELEMENTS (KOHA) |
| Source of classification or shelving scheme |
|
| Koha item type |
Book (Short term) |